000 00316nam a22001337a 4500
008 171016b xxu||||| |||| 00| 0 eng d
020 _a9780155035706
041 _aeng
080 _a331.101.262
100 _a52
101 _aBNJ
245 _aSTRATEGIC ORGANIZATIONAL COMMUNICATION
_cCONRAD, CH
942 _2udc
_cBK
999 _c34259
_d34259